Players Championships 2024 (Darts) - Statistiken

Allgemein
  • Dieses Quiz wurde 63 mal gespielt
    23 seit der letzten Aktualisierung
  • Das Durchschnittsergebnis liegt bei 25 aus 30
Antwortstatistiken
Turnier Nationalität Sieger % Korrekt
2 Schottland Gary Anderson
100%
22 Schottland Gary Anderson
100%
21 Niederlande Michael van Gerwen
100%
27 Niederlande Michael van Gerwen
100%
4 Australien Damon Heta
94%
18 Australien Damon Heta
94%
14 Wales Jonny Clayton
94%
17 Nordirland Josh Rock
94%
30 Nordirland Josh Rock
94%
26 England Luke Humphries
94%
1 England Luke Littler
94%
15 England Luke Littler
94%
20 England Luke Littler
94%
16 Belgien Mike De Decker
94%
7 England Chris Dobey
88%
19 England Chris Dobey
88%
25 England Chris Dobey
88%
12 Belgien Dimitri van den Bergh
88%
11 Schottland Alan Soutar
81%
10 Nordirland Brendan Dolan
81%
6 England Dave Chisnall
81%
23 England Dave Chisnall
81%
5 Niederlande Raymond van Barneveld
81%
8 Niederlande Danny Noppert
75%
3 England Ryan Searle
75%
29 Schottland Cameron Menzies
69%
9 England Michael Smith
69%
13 England Ross Smith
69%
28 Niederlande Wesley Plaisier
44%
24 Niederlande Wessel Nijman
44%
Keine übereinstimmenden Quizze gefunden
Verteilung der Resultate
Anzahl Personen mit jedem Resultat
Perzentil nach korrekt beantworteten Fragen
Ihre Resultats-Entwicklung
Sie haben dieses Quiz seit der letzten Aktualisierung nicht gespielt